| 000 | 00569cam a22001934a 4500 | ||
|---|---|---|---|
| 020 | _a007140256X (alk. paper) | ||
| 040 | _cDLC | ||
| 082 | 0 | 0 | _a658 HIL 2003 A044 Or. |
| 100 | 1 | _aCarter, Doug. | |
| 245 | 1 | 0 |
_aClients forever : _bhow your clients can build your business for you / |
| 260 |
_aNew York : _bMcGraw-Hill, _cc2003. |
||
| 300 |
_avi, 250 p. ; _c23 cm. |
||
| 500 | _aIncludes index. | ||
| 650 | 0 | _aSelling. | |
| 650 | 0 | _aCustomer relations. | |
| 700 | 1 | _aGreen, Jennifer, | |
| 856 | 4 | 2 | _uhttp://www.loc.gov/catdir/bios/mh041/2002153055.html |
| 942 | _cEK | ||
| 999 |
_c13371 _d13371 |
||